The Great Escape 2 [

Bibliographic Details
Format: Book
Published: s.l : s.n , 198-
Subjects:

MARC

LEADER 00000cam a2200000 7i4500
001 0000002222
002 000002422
005 20000330.0
020 |a 000002422 
090 0 0 |a F   |b GRE 
245 0 4 |a The Great Escape 2 [  |h videorecording] 
260 |a s.l :   |b s.n ,   |c 198- 
300 |a 1 videocassette (100min.) :   |b Col.(PAL) 
650 0 0 |a Adventure stories 
999 |a 00119   |b VIDEO   |c KOLEKSI AUDIO VIDEO   |e PERPUSTAKAAN KOMUNITI PETALING JAYA